Co zdarza się raz na 4 lata? - Statystyki

Ogólne statystyki
  • Ten quiz został rozwiązany 101 razy
  • Średni wynik to 3 z 5
Statystyki odpowiedzi
Odpowiedź % Poprawnych
Rok Przestępny
73%
Mundial
66%
Euro
63%
Igrzyska olimpijskie
45%
Wybory parlamentarne
18%
Nie znaleziono quizów pasujących do podanych kryteriów
Rozkład punktacji
Procent ludzi z każdym wynikiem
Percentyl według liczby udzielonych odpowiedzi
Twoja historia wyników
Nie rozwiązałeś tego quizu